Riemannian geometry

Αποθηκεύτηκε σε:
Λεπτομέρειες βιβλιογραφικής εγγραφής
Κύριος συγγραφέας: Gallot, S. (Sylvestre) 1948-
Άλλοι συγγραφείς: Hulin, D. (Dominique) 1959-, Lafontaine, J. (Jacques) 1944 Mar. 10-
Μορφή: Βιβλίο
Γλώσσα:English
Δημοσίευση: Berlin ; New York : Springer, c2004
Έκδοση:3rd ed.
Σειρά:Universitext
Θέματα:
Ετικέτες: Προσθήκη ετικέτας
Δεν υπάρχουν, Καταχωρήστε ετικέτα πρώτοι!

MARC

LEADER 00000nam a2200000 i 4500
001 1/59481
008 071019s2004 eng d
020 |a 3-540-20493-8 
035 |l 10091666 
040 |a GR-MY-UA  |b gre  |e aacr 
041 0 |a eng 
082 0 |a 516.373  |2 (22) 
100 1 |a Gallot, S.  |q (Sylvestre)  |d 1948- 
245 1 0 |a Riemannian geometry /  |c Sylvestre Gallot, Dominique Hulin, Jacques Lafontaine 
250 |a 3rd ed. 
260 |a Berlin ; New York :   |b Springer,   |c c2004 
300 |a xv, 322 σ.;  |b εικ.;  |c 24 εκ. 
490 1 |a Universitext 
504 |a Περιλαμβάνει βιβλιογραφία (σ. [305]-313) και ευρετήριο 
650 0 0 |a Geometry, Riemannian. 
700 1 |a Hulin, D.  |q (Dominique)  |d 1959- 
700 1 |a Lafontaine, J. (Jacques)  |d 1944 Mar. 10- 
830 0 |a Universitext 
852 |a INST  |b LESVOS  |e 20080808  |h 516.373 GAL  |p 005100041971  |q 005100041971  |t BK  |y 0 
852 |a INST  |b SAMOS  |e 20071019  |h 516.373 GAL  |p 005300028058  |q 005300028058  |t BK  |y 0 
901 |a BIBL3-2007-3 
901 |a BIBL1-2008-2 
909 |a Σ  |b 139368 
909 |a Λ  |b 143520 
922 |a 3ΕΛΗ  |b 200709  |c ΕΠΕΑΕΚ2/ΤΜΗΜΑ ΜΑΘΗΜΑΤΙΚΩΝ  |d ΠΑΠΑΣΩΤΗΡΙΟΥ 
922 |a 1ΕΛΗ  |b 200712  |c ΕΠΕΑΕΚ2/ΤΕΘ  |d ΕΛΥΘΕΡΟΥΔΑΚΗΣ 
970 |a ΡΟΥΣΣΟΥ  |b ΚΩΝΣΤΑΝΤΙΝΑ  |z 2007/10/19